000 01220nam a2200277Ia 4500
999 _c49613
_d49613
001 16545
003 GE_BSU
005 20241230122742.0
008 181216s2013||||ge |||||||||||||| ||geo||
020 _a978-9941-16-198-8
040 _cGE_BSU
041 _ageo
080 _a54(075.8) ა-26
100 _aადამია, სერგო
_91092
245 _aქიმია :
_bგაღრმავებული კურსი /
_c სერგო ადამია ; მთ. რედაქტორი ე. ლომიძე.
250 _aმე-2 გადამუშავებული გამოცემა
264 _aთბილისი :
_bსაქართველოს მაცნე,
_c2013.
300 _a485 გვ. :
_b ცხრ. ;
_c 24 სმ.
500 _aდამატებები : გვ. 413-469
500 _a დანართები : გვ. 470-477
541 _h18ლ.
653 _aქიმია
653 _aსახელმძღვანელოები უმაღლესი სასწავლებლებისათვის
700 _aლომიძე, ე
_eრედაქტორი
_924041
942 _cBK
_2udc